Podbor podchodjaščego metoda dlja izmerenija penistosti i izučenije vozmožnostej ispol'zovanija etich metodov dlja opredelenija penogasjaščej sposobnosti penogasitelej J

Bibliographic Details
Main Authors: Veber, Vladimir (Author), Pauček, Milan, 1927- (Author)
Format: Article
Language:Slovak
Russian

MARC

LEADER 00000nab a2200000ua 4500
001 vtls010741713
003 SK-MaSNL
005 20260304202749.0
008 250718s1974 xo |||||||||||||||||slo|
035 |a (urnnbn)urn:nbn:sk:snk:ar-a02i14 
035 |a (uuid)c82abeab-9400-4425-9844-d842f4d02d01 
035 |a urn:nbn:sk:snk-ab4l67 
040 |a SNKBUCL  |b slo  |c SNKBUCL  |e AACR2 
041 0 |a rus 
044 |a xo  |c SK 
100 1 |a Veber, Vladimir  |4 aut  |9 751665 
245 1 0 |a Podbor podchodjaščego metoda dlja izmerenija penistosti i izučenije vozmožnostej ispol'zovanija etich metodov dlja opredelenija penogasjaščej sposobnosti penogasitelej J  |c Vladimir Veber, Milan Pauček 
700 1 |a Pauček, Milan,  |d 1927-  |4 aut  |9 39379 
773 0 |t Acta Facultatis Pharmaceuticae Universitatis Comenianae  |g Roč. 26, č. 26 (1974), s. 241-271 
850 |a Slovenská národná knižnica 
852 |a Slovenská národná knižnica 
958 |a article3 
958 |a OND 
958 |a EUIPO 
999 |c 3105321  |d 3107251